00676 2200241 4500001002100000005001500021035002000036007000300056008004100059020002200100082000800122084001400130100002600144245008300170250001000253260003800263300003700301650003500338700001200373504002700385990001100412990001100423INLIS00000000000414520190930101305 a0010-0919000075ta190930 g 0 ind  a978-602-71535-5-4 a500 a500 KUR r0 aKURNIA, Ayu Rahmawati1 aRumus dan Materi SMA/MA Super Lengkap /cKurnia Ayu Rahmawati; editor, Qoni'ah acet.1 aYogyakarta :bIstana Media,c2017 avii, 369 hlm. :bilus. ;c20 cm. 4aILMU PENGETAHUAN. MATERI UJIAN0 aQONI'AH aBibliografi : hlm. 369 a6912 a a6912 b